<?xml version="1.0" encoding="UTF-8"?>
<record
    xmlns:xsi="http://www.w3.org/2001/XMLSchema-instance"
    xsi:schemaLocation="http://www.loc.gov/MARC21/slim http://www.loc.gov/standards/marcxml/schema/MARC21slim.xsd"
    xmlns="http://www.loc.gov/MARC21/slim">

  <leader>00514nam a22001457a 4500</leader>
  <datafield tag="082" ind1=" " ind2=" ">
    <subfield code="a">923.5223</subfield>
    <subfield code="b">PEH</subfield>
  </datafield>
  <datafield tag="100" ind1=" " ind2=" ">
    <subfield code="a">Pahlavi, Raza Shah </subfield>
  </datafield>
  <datafield tag="245" ind1=" " ind2=" ">
    <subfield code="a">Shaensha-e-Iran ki Ap Beti /</subfield>
    <subfield code="c">Raza Shah Pahlavi</subfield>
  </datafield>
  <datafield tag="260" ind1=" " ind2=" ">
    <subfield code="b">Fact Publication,</subfield>
  </datafield>
  <datafield tag="300" ind1=" " ind2=" ">
    <subfield code="a">208p. ;</subfield>
  </datafield>
  <datafield tag="650" ind1=" " ind2=" ">
    <subfield code="a">Biography, Iranian History, Royalty, Pahlavi Dynasty</subfield>
    <subfield code="9">129677</subfield>
  </datafield>
  <datafield tag="880" ind1=" " ind2=" ">
    <subfield code="6">100-01\(3\r</subfield>
    <subfield code="a">&#x631;&#x636;&#x627; &#x634;&#x627;&#x6C1; &#x67E;&#x6C1;&#x644;&#x648;&#x6CC;</subfield>
  </datafield>
  <datafield tag="880" ind1=" " ind2=" ">
    <subfield code="6">245-02\(3\r</subfield>
    <subfield code="a">&#x631;&#x636;&#x627; &#x634;&#x627;&#x6C1; &#x67E;&#x6C1;&#x644;&#x648;&#x6CC; \&#x634;&#x627;&#x6C1;&#x646;&#x634;&#x627;&#x6C1;&#x650; &#x627;&#x6CC;&#x631;&#x627;&#x646; &#x6A9;&#x6CC; &#x627;&#x67E;&#x646;&#x6CC; &#x628;&#x6CC;&#x62A;&#x6CC;</subfield>
  </datafield>
  <datafield tag="942" ind1=" " ind2=" ">
    <subfield code="2">ddc</subfield>
    <subfield code="c">BK</subfield>
  </datafield>
  <datafield tag="999" ind1=" " ind2=" ">
    <subfield code="c">614257</subfield>
    <subfield code="d">614257</subfield>
  </datafield>
  <datafield tag="952" ind1=" " ind2=" ">
    <subfield code="0">0</subfield>
    <subfield code="1">0</subfield>
    <subfield code="2">ddc</subfield>
    <subfield code="4">0</subfield>
    <subfield code="6">923_522300000000000_PEH</subfield>
    <subfield code="7">0</subfield>
    <subfield code="9">641511</subfield>
    <subfield code="a">CL</subfield>
    <subfield code="b">CL</subfield>
    <subfield code="d">2025-07-10</subfield>
    <subfield code="l">0</subfield>
    <subfield code="o">923.5223 PEH</subfield>
    <subfield code="p">CL-D-2801</subfield>
    <subfield code="r">2025-07-10</subfield>
    <subfield code="w">2025-07-10</subfield>
    <subfield code="y">BK</subfield>
  </datafield>
</record>
